000 00637 a2200217 4500
005 20260513102508.0
008 260512b |||||||| |||| 00| 0 eng d
020 _a9788198748447
_cRs. 995.00
040 _aMAIN
082 _a355.03305491
_bD491S
100 _aDevasher, Tilak
245 _aShadow nation: Strategic culture of Pakistan's deep state
260 _bPentagon Press
_c2025
_aNew Delhi
300 _axiv, 152
650 _aStraregic Culture
650 _aNational Security
650 _aPakistan- Politics and Government
650 _aCivil- Military Relations- Pakistan
700 _aSingh, Harsh V
942 _cBK
999 _c395585
_d395585